<?xml version="1.0" encoding="UTF-8"?><collection xmlns="info:lc/xmlns/marcxchange-v2"><record format="Unimarc" type="bibliographic"><leader>00784nam  2200229   450 </leader><controlfield tag="001">2779574</controlfield><controlfield tag="003">http://id.bnportugal.gov.pt/bib/porbase/2779574</controlfield><controlfield tag="005">20170116163000.0</controlfield><datafield ind1=" " ind2=" " tag="010"><subfield code="a">978-0-19-991809-6</subfield><subfield code="b">encadernado</subfield><subfield code="d">Oferta</subfield></datafield><datafield ind1=" " ind2=" " tag="035"><subfield code="a">exrctb026_Jan.iso/06-02-2017/337</subfield></datafield><datafield ind1=" " ind2=" " tag="035"><subfield code="a">245197</subfield></datafield><datafield ind1=" " ind2=" " tag="100"><subfield code="a">20150428d2014    k  y0pory0103    ba</subfield></datafield><datafield ind1="0" ind2=" " tag="101"><subfield code="a">eng</subfield></datafield><datafield ind1=" " ind2=" " tag="102"><subfield code="a">US</subfield></datafield><datafield ind1="1" ind2=" " tag="200"><subfield code="a">Cybersecurity and Cyberwar</subfield><subfield code="e">what everyone needs to know</subfield><subfield code="f">P.W. Singer, Allan Friedman</subfield></datafield><datafield ind1=" " ind2=" " tag="205"><subfield code="a">1ª ed.</subfield></datafield><datafield ind1=" " ind2=" " tag="210"><subfield code="a">New York</subfield><subfield code="c">Oxford University Press</subfield><subfield code="d">2014</subfield></datafield><datafield ind1=" " ind2=" " tag="215"><subfield code="a">306 p.</subfield><subfield code="d">22 cm</subfield></datafield><datafield ind1=" " ind2=" " tag="675"><subfield code="a">556.02</subfield><subfield code="v">BN</subfield><subfield code="z">por</subfield></datafield><datafield ind1=" " ind2="1" tag="700"><subfield code="a">Singer</subfield><subfield code="b">P.W.</subfield></datafield><datafield ind1=" " ind2="1" tag="701"><subfield code="a">Friedman</subfield><subfield code="b">Allan</subfield></datafield><datafield ind1=" " ind2="0" tag="801"><subfield code="a">PT</subfield><subfield code="b">EXRCTB</subfield><subfield code="g">RPC</subfield></datafield><datafield ind1=" " ind2=" " tag="966"><subfield code="l">EXRCTB</subfield><subfield code="m">EXRCTB</subfield><subfield code="s">11074</subfield></datafield></record></collection>